000 00366nam a2200145 i 4500
001 bg
100 1 _aKOZAK, Tadeusz
245 0 _aZbiór zadań z wymiany ciepła /
_cWładysław Nowak, Tadeusz Kozak.
260 _aSzczecin,
_c1975.
700 1 _aNOWAK, Władysław
040 _cBPK
041 _apol
942 _cKS
008 s pl f |000 0 pol
999 _c27268
_d27268
856 _uhttp://koha.tu.koszalin.pl/cgi-bin/koha/opac-detail.pl?biblionumber=27268
_yKatalog online BPK